BUBT Library Online Catalog

Cellular biochemistry and physiology. (Record no. 910)

000 -LEADER
fixed length control field 00676nam a22002417a 4500
008 - FIXED-LENGTH DATA ELEMENTS--GENERAL INFORMATION
fixed length control field 131130b xxu||||| |||| 00| 0 eng d
024 ## - OTHER STANDARD IDENTIFIER
Terms of availability Available
037 ## - SOURCE OF ACQUISITION
Terms of availability Available
040 ## - CATALOGING SOURCE
Original cataloging agency MBSTU LIBRARY
Modifying agency MBSTU LIBRARY
082 ## - DEWEY DECIMAL CLASSIFICATION NUMBER
Edition number 22
Classification number 574.192 EDC
100 ## - MAIN ENTRY--PERSONAL NAME
Personal name Edwards.
110 ## - MAIN ENTRY--CORPORATE NAME
Corporate name or jurisdiction name as entry element Hassall.
245 ## - TITLE STATEMENT
Title Cellular biochemistry and physiology.
260 ## - PUBLICATION, DISTRIBUTION, ETC. (IMPRINT)
Place of publication, distribution, etc. New Delhi
Name of publisher, distributor, etc. McGraw-Hill.
Date of publication, distribution, etc. 1971
300 ## - PHYSICAL DESCRIPTION
Extent 21 cm.
Other physical details 442 page
Type of unit 1
Size of unit 21 cm.
600 ## - SUBJECT ADDED ENTRY--PERSONAL NAME
Source of heading or term Biochemistry.
650 ## - SUBJECT ADDED ENTRY--TOPICAL TERM
Source of heading or term Biochemistry.
700 ## - ADDED ENTRY--PERSONAL NAME
Personal name Edwards.
710 ## - ADDED ENTRY--CORPORATE NAME
Corporate name or jurisdiction name as entry element Hassall.
270 ## - ADDRESS
Address New Delhi
City New Delhi
Country India
942 ## - ADDED ENTRY ELEMENTS (KOHA)
Source of classification or shelving scheme
Koha item type Books

No items available.

More Information About Library

Library Hours

  • Open: 9.00 am. to 9.00 pm.
  • Only Sunday: 9.00 am. to 6.00 pm.
  • Closed: Holiday

Contact to the University

Bangladesh University of Business and Technology Library

  • Mirpurl-2, 1216.
  • Phone:
  • Fax:
  • E-Mail: admin.library@bubt.edu.bd

Contact to the Library

Contact Person:

Md. Abdul Hakim Shah
Joint Librarian
PABX No:  113
Cell No: 01816332931
E-mail: official: admin.library@bubt.edu.bd
Personal: hakim.shah@bubt.edu.bd


BUBT Library

Copyright © 2021